| 000 | 00796nam a2200253 u 4500 | ||
|---|---|---|---|
| 005 | 20240924070610.0 | ||
| 008 | 150602s2012 es r 000 0 spa d | ||
| 020 | _a9788499402796 | ||
| 035 | _aUPN01000203981 | ||
| 049 | _aCG | ||
| 050 | 4 |
_aP302 _bR3.2 |
|
| 100 | 1 |
_aRastier, Francois, _d1945- _937349 |
|
| 245 | 1 | 0 |
_aArtes y ciencias del texto / _cFrancois Rastier ; tr. Enrique Ballón Aguirre. |
| 260 |
_aMadrid : _bBiblioteca Nueva, _c2012. |
||
| 300 | _a396 p. | ||
| 440 | 0 |
_aEstudios críticos de la literatura y de la lingüística ; _v54 |
|
| 534 |
_pTítulo original: _tArts et sciences du texte |
||
| 650 | 2 |
_aAnálisis del discurso _9232 |
|
| 650 | 2 |
_aSemántica _93577 |
|
| 650 | 4 |
_aHermenéutica _95799 |
|
| 650 | 4 |
_aFilología _915443 |
|
| 905 | _aLibro | ||
| 999 |
_c176082 _d176082 |
||